Library of the University of Algiers 3
Ibrahim Sultan Cheibout
شعار جامعة الجزائر 3
مكتبة جامعة الجزائر 3
إبراهيم سلطان شيبوط

الإتحاد الأوروبي والوضع السياسي الجديد في الوطن العربي1991-2003 : (رقم التسجيلة. 43138)

تفاصيل مارك
000 -LEADER
fixed length control field 02137nam a2200241Ia 4500
003 - CONTROL NUMBER IDENTIFIER
control field Ost
005 - DATE AND TIME OF LATEST TRANSACTION
control field 20260507075125.0
008 - FIXED-LENGTH DATA ELEMENTS--GENERAL INFORMATION
fixed length control field 260507s9999||||xx |||||||||||||| ||und||
020 ## - INTERNATIONAL STANDARD BOOK NUMBER
International Standard Book Number 6700241977
040 ## - CATALOGING SOURCE
Transcribing agency fsecg
041 ## - LANGUAGE CODE
Language code of text/sound track or separate title ara
082 ## - DEWEY DECIMAL CLASSIFICATION NUMBER
Classification number 330
100 ## - MAIN ENTRY--PERSONAL NAME
Personal name الشربيني، وفاء سعد
Relator term مؤلف
245 #0 - TITLE STATEMENT
Title الإتحاد الأوروبي والوضع السياسي الجديد في الوطن العربي1991-2003 :
Remainder of title أعمال الندوة المصرية الفرنسية الحادية عشر 14-15يناير 2004 /
Statement of responsibility, etc. وفاء سعد الشربيني
260 ## - PUBLICATION, DISTRIBUTION, ETC.
Place of publication, distribution, etc. مصر:
Name of publisher, distributor, etc. مركز البحوث والدراسات السياسية,
Date of publication, distribution, etc. 2005
300 ## - PHYSICAL DESCRIPTION
Extent 533 صفحة؛
Dimensions 24 سم
520 ## - SUMMARY, ETC.
Summary, etc. البعد التاريخي للعلاقات المصرية الأوروبية-سياسات الإتحاد الأوروبي اتجاه صراعات المنطقة والإدراك العربي لهذه السياسات-السياسات الخارجية للدول الأعضاء في الإتحاد الأوروبي تجاه القضية الفلسطينية والإدراك العربي لهذه السياسات-السياسات الخارجية للدول الأعضاء في الإتحاد الأوروبي تجاه القضية العراقية والإدراك العربي لهذه السياسات-الحرب الدولية ضد الإرهاب بعد الحادي عشر من سبتمبر والإدراك العربي للمواقف الأوروبية من هذه الحروب-الأبعاد الإقتصادية للمشاركة الأوروبية المتوسطية-الأبعاد الثقافية لسياسات الإتحاد الأوروبي في المنطقة العربية وردود الفعل العربية-الإتحاد الأوروبي وقضايا حقوق الإنسان والتحول الديمقراطي في المنطقة العربية
653 ## - INDEX TERM--UNCONTROLLED
Uncontrolled term الإتحاد الأوروبي
653 ## - INDEX TERM--UNCONTROLLED
Uncontrolled term الوطن العربي
653 ## - INDEX TERM--UNCONTROLLED
Uncontrolled term سياسات الإتحاد الأوروبي
700 ## - ADDED ENTRY--PERSONAL NAME
Personal name أثناء، فؤاد عبد الله
Relator term مؤلف ثانوي
942 ## - ADDED ENTRY ELEMENTS (KOHA)
Koha item type كتب
المقتنيات
Withdrawn status Lost status Source of classification or shelving scheme Damaged status Not for loan Home library Current library Date acquired Serial enumeration / chronology Inventory number Total checkouts Full call number Barcode Date last seen Price effective from Koha item type
    Dewey Decimal Classification   NOT LOAN / إعارة داخلية مكتبة كلية العلوم الإقتصادية والعلوم التجارية وعلوم التسيير مكتبة كلية العلوم الإقتصادية والعلوم التجارية وعلوم التسيير 07/05/2026 الطابق الأرضي 025.21/210   أ/2065ن10 025.21/210 07/05/2026 07/05/2026 كتب
    Dewey Decimal Classification   Available مكتبة كلية العلوم الإقتصادية والعلوم التجارية وعلوم التسيير مكتبة كلية العلوم الإقتصادية والعلوم التجارية وعلوم التسيير 07/05/2026 الطابق الثاني 2065/9   أ/2065ن9 2065/9 07/05/2026 07/05/2026 كتب

موارد الويب المفتوحة


© University of Algiers 3 All Rights Reserved
|
Implemented by LECHELAH Riad